000 00444nam a22001697a 4500
005 20251108175841.0
008 250721s2022 xx 000 0 ara d
082 1 4 _a743.4/معل
100 1 _aمعلا، طلال
245 1 0 _aالصورة الشخصية /
264 1 _aعمان :
_bخطوط وظلال،
_c2022.
300 _a114ص.
650 1 7 _aالرسومات
650 1 7 _aالرسامون
942 _2ddc
_cBK
999 _c143943
_d143943